000 00717nam a2200241Ia 4500
005 20260430150240.0
008 008 250103s9999 xx 000 0 eng d
037 _aTheses
040 _aCRL
040 _beng
040 _ceng
041 _2eng
041 _aeng
084 _qCRL
100 _aLomash Avinash Au.; Kapoor Seema Gu.
_91236932
245 0 _aStudy the additive predictability of non-hla markers in the first-degree relatives of children with celliac disease
260 _c2021
300 _a177p.
650 _aScience
700 _aUniversity of Delhi. Faculty of Medical Sciences. Department of Pediatrics, Division of Genetics
_91236868
942 _cTH
999 _c1849326
_d1849326